La chascarrillera (Record no. 125076)

MARC details
000 -LEADER
campo de control de longitud fija 00883nam a2200229 i 4500
001 - NÚMERO DE CONTROL
campo de control 125076
003 - IDENTIFICADOR DE NÚMERO DE CONTROL
campo de control ES-MaACL
005 - FECHA Y HORA DE LA ÚLTIMA TRANSACCIÓN
campo de control 20240524110554.0
007 - CAMPO FIJO DE DESCRIPCIÓN FÍSICA--INFORMACIÓN GENERAL
campo de control de longitud fija t|
008 - DATOS DE LONGITUD FIJA--INFORMACIÓN GENERAL
campo de control de longitud fija 070503s1933 sp ||||1| spa d
100 1# - ENTRADA PRINCIPAL--NOMBRE DE PERSONA
Nombre de persona Fernández de Sevilla, Luis.
9 (RLIN) 49713
245 13 - MENCIÓN DEL TÍTULO
Título La chascarrillera
Resto del título : comedia sevillana, en tres actos y en prosa /
Mención de responsabilidad, etc. Luis Fernández de Sevilla ; dibujos de Gutiérrez Navas.
260 ## - PUBLICACIÓN, DISTRIBUCIÓN, ETC.
Lugar de publicación, distribución, etc. Madrid :
Nombre del editor, distribuidor, etc. Ribadeneyra,
Fecha de publicación, distribución, etc. 1933.
300 ## - DESCRIPCIÓN FÍSICA
Extensión 81 p. ;
Dimensiones 17 cm.
490 1# - MENCIÓN DE SERIE
Mención de serie La Farsa ;
Designación de volumen o secuencia 302
500 ## - NOTA GENERAL
Nota general Estrenada en el Teatro Lara, de Madrid, la noche del 27 de enero de 1933.
500 ## - NOTA GENERAL
Nota general Cubierta de este número: Concha Catalá y Manuel González en una escena de La chascarrillera.
700 1# - ENTRADA AGREGADA--NOMBRE PERSONAL
Nombre de persona Gutiérrez Navas, Manuel,
Fechas asociadas al nombre 1890-1971
9 (RLIN) 61196
830 0# - PUNTO DE ACCESO ADICIONAL DE SERIE-TÍTULO UNIFORME
Título uniforme La Farsa ;
Designación de volumen o secuencia 302
9 (RLIN) 185863
852 ## - LOCALIZACIÓN
Ubicación ES-MaACL
Número de control de estantería 2217-F-1
Sublocalización o colección R.140633
Holdings
Estatus retirado Estado de pérdida Estado de daño No para préstamo Colección Biblioteca de origen Biblioteca actual Ubicación en estantería Fecha de adquisición Fuente de adquisición Total de préstamos Signatura topográfica completa Código de barras Visto por última vez Precio de reemplazo Tipo de ítem Koha
        Colección de folletos Biblioteca del Ateneo de Madrid Biblioteca del Ateneo de Madrid Depósito folletos 17/01/2008     2217-F-1 1130310 23/02/2023 23/02/2023 Folleto